000 01138nam a2200313 i 4500
003 DO-SdBNP
005 20230912153911.0
007 ta
008 110413s2003 dr ao 000 0 spa d
040 _aDO-SdBNP
_bspa
_cBNPHU
_erda
082 _bB165g
_222
100 1 _aBajaj, Monisha
_912719
245 1 0 _aGuía de educación en derechos humanos /
_cMonisha Bajaj
264 1 _aSanto Domingo :
_bUNESCO,
_bFLACSO,
_bBúho,
_c2003.
300 _a127 páginas
_bilustraciones, fotografías
_c28 cm.
336 _2rdacontent
_atexto
_btxt
337 _2rdamedia
_asin mediación
_bn
338 _2rdacarrier
_avolumen
_bnc
500 _aIncluye datos biográficos de la autora en pagina 4.
500 _aLibro en espiral
590 _aInventariado, 2023/ YL
650 4 _aReflexión
_xFilosofía
_983873
650 4 _aPsicología del aprendizaje
_92721
650 4 _aValores
_xFilosofía
_983874
710 _aOrganización de las Naciones Unidas para la Educación, la Ciencia y la Cultura (UNESCO)
_984071
710 _aFacultad Latino Americana de Ciencias Sociales (FLACSO)
_984120
910 _aYLockward
942 _2ddc
_cLBS1
999 _c54715
_d54715